| 000 | 00575nam a2200217Ia 4500 | ||
|---|---|---|---|
| 003 | GCL | ||
| 008 | 140319s9999 xx 000 0 eng d | ||
| 040 |
_aGCL / _cGCL |
||
| 082 | 0 | 4 |
_a910 _bB W |
| 100 | 1 | _aBEAUMONT, ANDY | |
| 245 | 1 | 0 |
_aWORLD GEOGRAPHY: CARE BOOK / _cBEAUMONT, ANDY |
| 700 | 1 | _aHERRINGTON, JANE | |
| 700 | 1 | _aWHEATLEY, ROLI | |
| 260 |
_a[S.N] : _bCAMBRIDGE UNIVERSITY PRESS ، _c1997 |
||
| 300 | _a176 P | ||
| 650 | 0 | 4 | _aGEOGRAPHY |
| 650 | 0 | 4 | _aECONOMIC GEOGRAPHY |
| 650 | 0 | 4 | _aPOPULATION - GEOGRAPHY |
| 650 | 0 | 4 | _aWORLD GEOGRAPHY |
| 942 |
_2ddc _cBK |
||
| 999 |
_c15964 _d15964 |
||